| 000 | 00742cam a2200217 a 4500 | ||
|---|---|---|---|
| 001 | 000016038 | ||
| 005 | 20200929164239.0 | ||
| 008 | 820625s1961 ve 000 0 spa | ||
| 010 | _a65052003 | ||
| 040 |
_aDO-SdBNP _cCarP _dDLC |
||
| 082 |
_a170.202 _bC223f |
||
| 100 | 1 |
_aCañizales Marquez, José _935997 |
|
| 245 | 1 | 0 |
_aFormacion social, moral y civica / : _bJosé Cañizales Marquez. |
| 260 |
_aCaracas : _b[s.n.], _c1961. |
||
| 300 |
_a163, [4] p. ; _c22 cm. |
||
| 504 | _aIncluye bibliografía | ||
| 650 | 4 |
_aEducación moral _xEstudio y enseñanza _935998 |
|
| 650 | 4 |
_aEducación cívica _xEstudio y enseñanza _xStudy and teaching (elementary) [from old catalog] _935999 |
|
| 910 | _aCatalogación por copia / LC | ||
| 049 | _aBNGR | ||
| 999 |
_c15580 _d15580 |
||